1409 1320 1571 1471 1471 1713 1941 1035 1930 1104 1531 1636 1747 1287 1176 1358 1274 1233 1889 1303 1297 1567 1859 1860 1300 1709 1569 1497 1156 1813 1976 1919 1851 1094 1858 1100 1414 1392 1269 1059 1216 1399 1113 1100 1681 1603 1084 1906 1674 1675 1398 1686 1442 1084 1329 1279 1913 1330 1575 1295 1344 1912 1419 1363 1818 1625 1813 1027 1388 1966 1255 1263 1924 1193 1024 1754 1385 1796 1483 1898 1197 1515 1833 1265 1654 1938 1476 1077 1794 1899 1758 1185 1318 1948 1141 1100 1368 1349 1158 BCNSPRNW ULIB Ver.6.0+V

เปลี่ยนเป็นภาษาไทย

Change to English
 แสดงรายละเอียดบรรณานุกรม
  กลับหน้าหลัก

Brief Record : Get Marc (ISO 2709) : E-mail record : QR code < ปิดหน้าต่าง
LEADER : 00000nam 2200000uu 4500
001    13399112093
003     ULIB
008    110726s2542||||th 000 0 tha d
020    9748708411
050  4 HA276^bส843ส 2542
100 0  สุเมธ สมภักดี
245 10 สถิติคณิตศาสตร์ =^bMathematical statistics /^cสุเมธ สมภักดี
246 31 Mathematical statistics
260    กรุงเทพฯ :^bประกายพรึก,^c2542
300    237 หน้า
504    บรรณานุกรม: หน้า 237
650  4 คณิตศาสตร์สถิติ
945    ^p160^l0^i021060
945    ^p160^l0^i021061
949    ทศพร
999 ^a ทศพร
รายการนี้ยังไม่มีแท็ก
คุณยังไม่ได้ล็อกอิน คุณสามารถมีกิจกรรมร่วมกับเว็บไซต์ได้ แต่ต้องล็อกอินก่อน ::
  ล็อกอิน

รายการสื่อสารสนเทศ

ลำดับที่ ประเภท เลขเรียก/บาร์โค้ด สถานที่ สถานะ
- ไม่พบข้อมูล -

รายการใกล้เคียง
    หัวเรื่อง [คณิตศาสตร์สถิติ]

BibComment


ยังไม่เคยถูกคอมเมนท์

คอมเมนท์ทรัพยากรรายการนี้
  คอมเมนท์: สถิติคณิตศาสตร์ ..


 Copyright 2026. Bcnsprnw @Library